A „fölösleges ember" posztmodern változata (Párhuzamok Alexandr Vampilov Vadkacsavadászat és Szergej Dovlatov: Puskinland c. művek között) /

Elmentve itt :
Bibliográfiai részletek
Szerző: Illés Mihály
További közreműködők: Jávor György (Témavezető)
Dokumentumtípus: Szakdolgozat
Megjelent: 2003
Tárgyszavak:
Online Access:http://diploma.bibl.u-szeged.hu/76097
LEADER 00645nta a2200157 i 4500
001 dipl76097
005 20190530080506.0
008 190517s2003 hu om 0|| hun d
040 |a SZTE Diploma Repozitórium  |b hun 
041 |a hun 
100 1 |a Illés Mihály 
245 1 2 |a A „fölösleges ember" posztmodern változata (Párhuzamok Alexandr Vampilov  |h [elektronikus dokumentum] :  |b Vadkacsavadászat és Szergej Dovlatov: Puskinland c. művek között) /  |c Mihály Illés 
260 |c 2003 
650 4 |a Pedagógusképzés 
700 1 |a Jávor György  |e ths 
856 4 0 |u http://diploma.bibl.u-szeged.hu/id/eprint/76097/1/2003_illes_mihaly.pdf  |z Dokumentum-elérés